Guadalupe Salcedo y la insurrección llanera, 1949-1957 (Registro nro. 182905)

Detalles MARC
000 -ENCABEZADO
Número de control [NR] 01217nam a22002777a 4500
005 - FECHA Y HORA DE LA ÚLTIMA TRANSACCIÓN
control field 20140903174958.0
008 - DE LONGITUD FIJA DE DATOS DE ELEMENTOS - INFORMACIÓN GENERAL
Elementos de longitud fija [NR] 131105s2012 ck ab frn 001 0dspa
020 ## - NUMERO INTERNACIONAL NORMALIZADO PARA LIBROS [R]
Número Internacional Normalizado del libro [NR] 9789587199727
040 ## - FUENTE DE CATALOGACION [NR]
Agencia de catalogación original [NR] CO-BoUCM
Quien Cataloga
Quien Clasifica Aldemar Mondragón
-- Aldemar Mondragón
Idioma de catalogación [NR] spa
041 00 - CODIGO DE IDIOMA [R]
Código de idioma para texto/pista de sonido o título separado [R] Español
100 1# - ASIENTO PRINCIPAL--NOMBRE PERSONAL [NR]
Nombre personal [NR] Villanueva Martínez, Orlando
ID Autoridad 49775
245 10 - MENCION DE TITULO [NR]
Título [NR] Guadalupe Salcedo y la insurrección llanera, 1949-1957
Mención de responsabilidad, etc. [NR] Orlando Villanueva Martínez
260 ## - PUBLICACION, DISTRIBUCION, ETC. (PIE DE IMPRENTA) [R]
Lugar de publicación, distribución, etc. [R] Bogotá (Colombia)
Nombre del editor, distribuidor, etc. [R] Universidad Nacional de Colombia
Fecha de publicación, distribución, etc. [R] 2012
300 ## - DESCRIPCION FISICA [R]
Extensión [R] 774 páginas
Otros detalles físicos [NR] ilustraciones y mapas
490 1# - MENCION DE SERIE [R]
Mención de serie [R] Biblioteca Abierta
-- Colección General. Historia
504 ## - NOTA DE BIBLIOGRAFIA, ETC. [R]
Nota de bibliografía, etc. [NR] Incluye referencias bibliográficas e índices
600 10 - ASIENTO SECUNDARIO DE MATERIA - NOMBRE PERSONAL [R]
Nombre personal [NR] Salcedo, Guadalupe
Fechas asociadas con el nombre [NR] 1922-1957.
9 (RLIN) 49776
650 #7 - ASIENTO SECUNDARIO DE MATERIA - TERMINO TEMATICO [R]
Término temático o nombre geográfico como elemento de entrada [NR] Guerrillas
Subdivisión geográfica [R] Colombia
Subdivisión general [R] Historia
9 (RLIN) 49778
650 #7 - ASIENTO SECUNDARIO DE MATERIA - TERMINO TEMATICO [R]
Término temático o nombre geográfico como elemento de entrada [NR] Insurgencia
Subdivisión geográfica [R] Colombia
Subdivisión general [R] Historia
9 (RLIN) 49777
651 #4 - ASIENTO SECUNDARIO DE MATERIA - NOMBRE GEOGRAFICO [R]
Nombre geográfico [NR] Colombia
Subdivisión general [R] Historia
9 (RLIN) 26897
651 #4 - ASIENTO SECUNDARIO DE MATERIA - NOMBRE GEOGRAFICO [R]
Nombre geográfico [NR] Colombia
Subdivisión general [R] Política y gobierno
Subdivisión cronológica [R] 1946-1974
9 (RLIN) 49779
690 ## - ASUNTO AGREGADO LOCAL DE ENTRADA - TÉRMINO TEMÁTICO (OCLC, RLIN)
9 (RLIN) 42845
Acceso temático local Historia de Colombia
710 1# - ASIENTO SECUNDARIO - NOMBRE CORPORATIVO [R]
Nombre corporativo o de jurisdicción como elemento de entrada [NR] Universidad Nacional de Colombia
Unidad subordinada [R] Facultad de Ciencias Humanas
-- Departamento de Historia
9 (RLIN) 49781
942 ## - ELEMENTOS DE ENTRADA AGREGADOS (KOHA)
Tema principal Historia
Tipo de ítem principal el descrito en 300a Libro
Edición 1
Parte restante de la signatura top. V718g
Sistema de clasificación DEWEY
Clasificación 986.10632
Existencias
Fecha de último préstamo Total préstamos Signatura topográfica Código de barras Última vez visto Ejemplar Costo de reposición Price effective from Tipo de ítem Perdido Sistema de clasificación Dañado No prestable Tipo de ítem específico Suprimido Ubicación habitual Ubicación actual Localización Fecha de creación Proveedor Forma de adquisición Costo
16/05/2019 3 986.10632 V718g 100137585 09/12/2025 Ej.1 45000.00 30/10/2013 Libro   DEWEY     Libro   Claustro Claustro 2do piso 30/10/2013 35 Compra 45000.00